| 000 | 00873nam a2200241 i 4500 | ||
|---|---|---|---|
| 003 | EG-ScBUE | ||
| 005 | 20230323113454.0 | ||
| 008 | 111205s1985 ua a f b 0 a0a dara d | ||
| 017 | _a1985 / 3743 | ||
| 020 | _a9770106321 | ||
| 040 |
_aEG-ScBUE _bara _erda _cEG-ScBUE _dEG-ScBUE |
||
| 043 | _af-ua--- | ||
| 082 | 0 | 4 |
_222 _a791.430962 _bم م ت |
| 100 | 1 |
_927987 _aممتاز، اعتدال، _eمؤلف. |
|
| 245 | 1 | 0 |
_aمذكرات رقيبة سينما : _b30 عاما / _cاعتدال ممتاز. |
| 264 | 1 |
_aالقاهرة : _bالهيئة المصرية العامة للكتاب، _c1985. |
|
| 300 |
_a349 صفحة : _bإيضاحيات ؛ _c24 سم |
||
| 504 | _aيشتمل على إرجاعات ببليوجرافية. | ||
| 650 | 7 |
_927988 _aالسينما _xتاريخ _zمصر. _2BUEsh |
|
| 653 |
_cNovember2011 _bART |
||
| 655 | _vReading book | ||
| 942 |
_2ddc _cBB |
||
| 999 |
_c16292 _d16292 |
||